El níspero japonés: técnicas para mejorar la calidad del fruto

Guardat en:
Dades bibliogràfiques
Autors principals: Gariglio, Norberto (Autor), Castillo, Angela (Autor), Juan, Mariano (Autor), Almala, Vicente (Autor), Agustí Fonfría, Manuel (Autor)
Format: Llibre
Idioma:espanyol
Publicat: Valencia Generalitat Valenciana 2002
Col·lecció:Sèrie Divulgació Técnica, 52
Matèries:
Etiquetes: Afegir etiqueta
Sense etiquetes, Sigues el primer a etiquetar aquest registre!

MARC

LEADER 00000nam a2200000 a 4500
001 UCK8005
003 CL-VaPUC
008 060105e20020000SP |||||||||||||||||spa|d
020 |a 8448231201 
082 0 4 |a 634.16  |b GAR  |2 21 
100 0 |a Gariglio, Norberto  |e author  |9 497768 
700 0 |a Castillo, Angela  |e author  |9 497769 
700 0 |a Juan, Mariano  |e author  |9 497770 
700 0 |a Almala, Vicente  |e author  |9 497771 
700 0 |a Agustí Fonfría, Manuel  |e author  |9 497772 
245 1 3 |a El níspero japonés: técnicas para mejorar la calidad del fruto 
300 |a 61 p 
942 |c BK 
945 |d 20060105 00:00:00  |a jtorresc 
260 |a Valencia  |b Generalitat Valenciana  |c 2002 
650 0 |a Níspero japonés  |9 497773 
650 0 |a Cultivo  |9 264268 
650 7 |a RENDIMIENTO  |2 CL-VaPUC  |9 260872 
650 0 |a Fertilización   |9 259681 
583 |a last modification  |c 20060105 00:00:00  |k Rodrigo Vera 
490 0 |a Sèrie Divulgació Técnica, 52 
999 |c 315842  |d 315840 
952 |0 0  |1 0  |4 0  |6 634_160000000000000_GAR_2002  |7 0  |8 A  |9 389647  |a BIBAGR  |b BIBAGR  |d 2019-11-22  |i 4198263  |l 2  |o 634.16 GAR 2002  |p 4198263  |r 2025-01-20  |s 2022-06-14  |w 2019-11-22  |y BK  |k AGR